293 renaissance woodcuts for artists and illustrators

Zapisane w:
Opis bibliograficzny
1. autor: Amman, Jost (Autor)
Format: Książka
Język:hiszpański
Wydane: Nueva York Dover 1968
Seria:Dover Pictorical Archive Series
Hasła przedmiotowe:
Etykiety: Dodaj etykietę
Nie ma etykietki, Dołącz pierwszą etykiete!

MARC

LEADER 00000nam a2200000 a 4500
001 UCO4879
003 CL-VaPUC
008 000825e19680000US |||||||||||||||||spa|d
082 0 4 |a 761.2  |b AMM  |2 21 
100 0 |a Amman, Jost  |e author  |9 449540 
245 1 0 |a 293 renaissance woodcuts for artists and illustrators 
300 |a pág. irreg 
942 |c BK 
945 |d 20000825 00:00:00  |a crobeson 
260 |a Nueva York  |b Dover  |c 1968 
650 0 |a Grabados  |9 310822 
650 0 |a Xilografía  |9 372756 
650 0 |a Dibujos  |9 264123 
650 0 |a Artes gráficas  |9 265865 
650 0 |a Renacimiento  |9 255107 
583 |a last modification  |c 20000825 00:00:00  |k Rodrigo Vera 
490 0 |a Dover Pictorical Archive Series 
999 |c 290844  |d 290842 
952 |0 0  |1 0  |4 0  |6 761_200000000000000_AMM_1968  |7 0  |8 A  |9 340453  |a BIBART  |b BIBART  |d 2019-11-20  |i 1216260  |o 761.2 AMM 1968  |p 1216260  |r 2025-03-13  |w 2019-11-20  |y BK  |k ART